000 00809nmc a2200289 a 4500
003 AR-BaBNM
005 20251128205144.0
008 011101s1994 ||||||||||||||000 | spa||
020 _a950-21-0920-1
040 _cAR-BaBNM
100 1 _aSolves, Hebe
245 1 0 _aTaller literario
_buna alternativa de aprendizaje creador
250 _a2ª ed.
260 _aBuenos Aires
_bPlus Ultra
_c1994
300 0 _a124 p.
490 0 _aComunicación
_vv. 16
500 0 _aContiene índice en p. 125-127
650 4 _aTALLERES [METODO PEDAGOGICO]
650 4 _aMETODOS DE ENSENANZA
650 4 _aDINAMICA DE GRUPO
650 4 _aCOMPOSICION LITERARIA
650 4 _aTECNICAS DE ENSENANZA
653 0 _aENSENANZA DE LA LITERATURA
800 1 _aLacau, María Hortensia
942 _cBK
998 _cLAURA
999 _c10221
_d10221